Study on dynamically vulcanized PP/EPDM blends using predispersed additives for blow molded & extruded products (Record no. 69832)

MARC details
000 -LEADER
fixed length control field 00544nam a2200157Ia 4500
100 ## - MAIN ENTRY--AUTHOR NAME
Personal name Khamrai A K
245 #0 - TITLE STATEMENT
Title Study on dynamically vulcanized PP/EPDM blends using predispersed additives for blow molded & extruded products
260 ## - PUBLICATION, DISTRIBUTION, ETC. (IMPRINT)
Name of publisher Antec 2001. Conference proceedings Dallas, Texas, 6th-10th May, 2001. Paper.600
500 ## - GENERAL NOTE
General note Source Year: 2001
650 ## - SUBJECT ADDED ENTRY--TOPICAL TERM
Topical Term Predispersed additives
650 ## - SUBJECT ADDED ENTRY--TOPICAL TERM
Topical Term Vulcanising agents
700 ## - ADDED ENTRY--PERSONAL NAME
Personal name Vasudeo Y B
856 ## - ELECTRONIC LOCATION AND ACCESS
Uniform Resource Identifier RAPRA.38(12)
942 ## - ADDED ENTRY ELEMENTS (KOHA)
Koha item type Journals
Holdings
Withdrawn status Lost status Damaged status Not for loan Home library Current library Shelving location Date acquired Koha item type
      Journals RRII Library RRII Library Rubber chemistry 01/01/2021 Journals